000 00634nam a22002177a 4500
003 OSt
005 20210426123936.0
008 210203s1969 ||||| |||| 00| 0 eng d
040 _aeng
_beng
_cDLC
041 _aeng
080 _a821.111
_bN-11
100 _9758
_aNabokov, Vladimir
245 _aAda: or Ardor: A Family Chronicle
_c/ by: McGraw-Hill Book Company
250 _a1st edition
260 _aNew York
_bMcGraw-Hill Book Company
_c1969
300 _a589 p.
_bill.
365 _b8.95 usd
650 0 _9254
_aEnglish literature
653 _aინგლისური ლიტერატურა
942 _2udc
_cBK
_e1
999 _c1122
_d1122